Game-changer : how you can drive revenue and profit growth with innovation (Record no. 215578)

MARC details
000 -LEADER
fixed length control field 00436nam a2200157Ia 4500
008 - FIXED-LENGTH DATA ELEMENTS--GENERAL INFORMATION
fixed length control field 231221s9999 xx 000 0 und d
020 ## - INTERNATIONAL STANDARD BOOK NUMBER
International Standard Book Number 9780000000000
041 ## - LANGUAGE CODE
Language code of text/sound track or separate title English
082 ## - DEWEY DECIMAL CLASSIFICATION NUMBER
Classification number 658.409 LAF;1
100 ## - MAIN ENTRY--PERSONAL NAME
Personal name Lafley, A G. Charan Ram.
245 #0 - TITLE STATEMENT
Title Game-changer : how you can drive revenue and profit growth with innovation
250 ## - EDITION STATEMENT
Edition statement 1st ed.
260 ## - PUBLICATION, DISTRIBUTION, ETC.
Date of publication, distribution, etc. 2008
Name of publisher, distributor, etc. Pengwin
Place of publication, distribution, etc. New Delhi
300 ## - PHYSICAL DESCRIPTION
Extent xii, 336
942 ## - ADDED ENTRY ELEMENTS (KOHA)
Koha item type Business Management Library
Holdings
Date last seen Total checkouts Full call number Accession number Cost, total (INR) price Price effective from Category Lost status Damaged status Department Withdrawn status Home library Current library Shelving location Entry date Vendor Cost, normal purchase price Grants Billnumber Billdate Currency symbol Conversion rate Discount Old discount
26/01/2024   658.409 LAF;1 BM2028 299.25 26/01/2024 Business Management Library         Central Library Central Library Central Library   Book Paradise 399.00 BM 71017 23/01/2017 RS 1 99.75 25
26/01/2024   658.409 LAF;2 BM2029 299.25 26/01/2024 Business Management Library     Central Library   Central Library Central Library Central Library   Book Paradise 399.00 BM 71017 20/03/2018 RS 1 99.75 25
26/01/2024   658.409 LAF;3 R BM2030 299.25 26/01/2024 Business Management Library     Central Library   Central Library Central Library Central Library   Book Paradise 399.00 BM 71017 20/03/2018 RS 1 99.75 25
26/01/2024   658.409 LAF;4 R1 BM2031 299.25 26/01/2024 Business Management Library     Central Library   Central Library Central Library Central Library   Book Paradise 399.00 BM 71017 13/05/2016 RS 1 99.75 25

© For any Suggestions or Query, please contact the library staff @ librarian@pes.edu or Phone: +9180 2672 1983/ 2108.